Quizzes Made by @johnnyaitch - Statistics

General Stats
  • This quiz has been taken 2 times
  • The average score is 2 of 57
Answer Stats
Quiz % Correct
Fast Typing A to Z
100%
12 Months in 15 Seconds
50%
12 Countries
0%
1989 Upper Deck Star Rookies
0%
20 Popular Russian Words Translation Quiz
0%
7 Famous Brazilian Songs
0%
7 Spanish Words
0%
Beer in 10 languages
0%
Common Celsius to Fahrenheit Conversions
0%
Countries That I've Visited
0%
Country Based on 3 Cities
0%
Domain Name Countries Quiz
0%
Even Numbers Beat the Clock
0%
Fast Food Burger Names
0%
Food Dish to Country
0%
Guess the Country #1
0%
Inspirational Quotes
0%
Johnny's General Knowledge Quiz #1
0%
Johnny's General Knowledge Quiz #2
0%
Johnny's General Knowledge Quiz #3
0%
Johnny's General Knowledge Quiz #4
0%
Johnny's General Knowledge Quiz #5
0%
Johnny's General Knowledge Quiz #6
0%
Johnny's General Knowledge Quiz #7
0%
Johnny's General Knowledge Quiz #8
0%
Johnny's Geography #1
0%
Johnny's Geography #2
0%
Johnny's Geography #3
0%
Johnny's Geography #4
0%
Johnny's Geography #5
0%
Johnny's Geography #6
0%
Justin Bieber Quiz
0%
Marketing Acronyms
0%
Mexican Restaurant Specials Beat the Clock
0%
Michigan Trivia Quiz
0%
Name that Country
0%
Name the City #1
0%
Name the City #2
0%
Name the city #3
0%
Odd Numbers Beat the Clock
0%
Popular Dating Acronyms
0%
Prime Numbers 1-100
0%
Random Capital Cities
0%
ShamWow Infomercial Quotes Quiz
0%
Slap Chop Infomercial Quotes Quiz
0%
Standardized Test Acronyms Quiz
0%
Teachers: Create a Quiz Like This!
0%
The D.E.N.N.I.S. System Quiz
0%
The Schticky Informercial Quotes Quiz
0%
Three Groups of 7 Quiz
0%
Top 10 Most Popular Salad Dressings
0%
Top Freshwater Withdrawal Countries
0%
TV Shows Based on Characters
0%
Type 1 - 30
0%
Type the Days of the Week in 15 Seconds
0%
UNESCO World Heritage Sites to Country
0%
Vince Shlomi Infomercials
0%
No matching quizzes found
Score Distribution
Percent of People with Each Score
Percentile by Number Answered
Your Score History
You have not taken this quiz